Statystyki dla WWE finishery cz.1

Kliknij tutaj aby rozwiązać quiz!

Ogólne statystyki

  • Ten quiz został rozwiązany 494 razy
  • Średni wynik to 9 z 15

Statystyki odpowiedzi

HintOdpowiedź% Poprawnych
619Rey Mysterio
94%
Big EndingBig E
86%
Curb StompSeth Rollins
84%
Claymore kickDrew McIntyre
81%
Pop-Up PowerbombKevin Owens
81%
End of DaysKing Corbin
81%
Swanton BombJeff Hardy
75%
Running PowerslamBraun Strowman
70%
Bank StatementSasha Banks
70%
Twist of FateMatt Hardy
69%
1916Finn Balor
41%
Rack AttackNikki Bella
35%
The Black WidowAj Lee
29%
Beauty ShotTyler Breeze
23%
The Fairytale EndingTommaso Ciampa
18%

Rozkład punktacji

Percentyl według liczby udzielonych odpowiedzi

Procent ludzi z każdym wynikiem

Twoja historia wyników

Nie rozwiązałeś tego quizu